| 000 | 00427cam a2200169ua 4500 | ||
|---|---|---|---|
| 041 |
_aeng _h |
||
| 082 |
_a420.81 _bWAL/WO |
||
| 100 | _aArthur, Waldhorn . | ||
| 245 |
_aWorld mastery made simple / _cArthur Waldhorn. _hTextual Documents |
||
| 250 |
_a1 / _b. |
||
| 260 |
_aNewyork : _bDoubleday&company , _c1957. |
||
| 300 | _a192 ; . | ||
| 504 | _a | ||
| 700 | 1 | _aZeiger, Arthur . | |
| 942 | _cBK | ||
| 999 |
_c11422 _d11422 |
||